03636cam a22005535i 4500001001400000003000700014005001700021006001900038007001500057008004100072020002700113024003500140040003100175050001600206072001600222072002300238072001500261082002200276092001000298100002500308245007100333260003600404264005400440300002400494336002600518337002600544338003600570347002400606505073000630506003401360520095801394538003602352650004402388650002802432650003002460650002902490655003602519710004102555710002702596710002902623773002002652776003602672776003602708776003602744856023802780942003203018999001903050999001303069ssj0001931121WaSeSS20220422143532.0m d cr n 171213s2018 xxu| o |||| 0|eng d a9781484248355q(print)7 a10.1007/978-1-4842-3108-12doi bengdWaSeSScAIMIT LIBRARY 4aQA76.73.J38 7aUMX2bicssc 7aCOM0512802bisacsh 7aUMX2thema04a005.768321bWEST aEBOOK1 aWeston, Toby.93095210aScala for Java Developers :bA Practical Primer /cby Toby Weston. aBerkeley, CA :bApress :c2018. 1aBerkeley, CA :bApress :bImprint: Apress,c2018. aXXI, 245 p.b24 cm. atextbtxt2rdacontent acomputerbc2rdamedia aonline resourcebcr2rdacarrier atext filebPDF2rda0 aI. Scala Tour -- 1. The Scala Language -- 2. Installing Scala -- 3. Some Basic Syntax -- 4. Scala's Class Hierarchy -- 5. ScalaDoc -- 6. Language Features -- II. Key Syntactical Differences -- 7. Classes and Fields -- 8. Classes and Objects -- 9. Classes and Functions -- 10. Inheritance -- 11. Control Structures -- 12. Generics -- III. Beyond Java to Scala -- 13. Faking Function Calls -- 14. Faking Language Constructs -- 15. Pattern Matching -- 16. Map and FlatMap -- 17. Monads -- 18. For Comprehensions -- IV. Adopting Scala in Java Teams -- 19. Adopting Scala -- 20. What to Expect -- 21. Tips -- 22. Convert Your Codebase -- 23. Manage Your Codebase -- Appendix A. Code Listings -- Appendix B. Syntax Cheat Sheet -- . aRequires an SPL library card. aMaster the fundamentals of Scala and understand its emphasis on functional programming that sets it apart from Java. This book will help you translate what you already know in Java to Scala to start your functional programming journey. Learn Scala is split into four parts: a tour of Scala, a comparison between Java and Scala, Scala-specific features and functional programming idioms, and finally a discussion about adopting Scala in existing Java teams and legacy projects. After reading and using this tutorial, you'll come away with the skills in Scala to kick-start your productivity with this growing popular language. You will: Tour Scala and learn the basic syntax, constructs, and how to use the REPL Translate Java syntax that you already know into Scala Learn what Scala offers over and above Java Become familiar with functional programming concepts and idioms Gain tips and advice useful when transitioning existing Java projects to Scala. aMode of access: World Wide Web. 0aJava (Computer program language)930953 0aComputer science930954 0aThe Scala Language930955 0aSome basic syntax930956 7aElectronic books.2local9309572 aSpringerLink (Online service)9309582 aO'Reilly (Firm)9309592 aSerials Solutions9309600 tSpringer eBooks08iPrinted edition:z978148423107408iPrinted edition:z978148423109808iPrinted edition:z978148424835540yView this electronic item in O'Reilly Online Learning: Academic/Public Library Edition.uhttps://ezproxy.spl.org/login?url=https://learning.oreilly.com/library/view/~/9781484231081/?arzAn e-book available through full-text database. 2ddccBKe1stk005.7683 WEST c222563d222563 b03587998